|
|
|
|
| LEADER |
01185nam a2200301 4500 |
| 001 |
DLU170181093 |
| 005 |
##20171004 |
| 040 |
# |
# |
|a DLU
|b vie
|
| 041 |
# |
# |
|a vie
|
| 044 |
# |
# |
|a vn
|
| 082 |
# |
# |
|a 635.21
|b PH-L
|
| 100 |
# |
# |
|a Phạm Thị Luyên.
|
| 245 |
# |
# |
|a Nghiên cứu, đánh giá, chọn lọc một số dòng khoai tây kháng bệnh mốc sương, có tiềm năng năng suất cao, chất lượng tốt cho chế biến công nghiệp tại Lâm Đồng :
|b Luận văn Thạc sĩ Sinh học thực nghiệm /
|c Phạm Thị Luyên; Cao Đình Hùng hướng dẫn.
|
| 260 |
# |
# |
|a Đà Lạt :
|b Trường Đại học Đà lạt,
|c 2016.
|
| 300 |
# |
# |
|a 69 tr. :
|b bảng biểu ;
|c 29 cm. +
|e phụ lục.
|
| 504 |
# |
# |
|a Tài liệu tham khảo: tr. 66-69.
|
| 650 |
# |
# |
|a Khoai tây
|x Giống.
|
| 700 |
# |
# |
|a Cao Đình Hùng,
|c TS.
|e hướng dẫn.
|
| 915 |
# |
# |
|a Sinh học thực nghiệm
|b 60420114
|c Thạc sĩ
|d Trường Đại học Đà lạt
|e Bộ Giáo dục và Đào tạo.
|
| 992 |
# |
# |
|a 0
|
| 994 |
# |
# |
|a DLU
|
| 900 |
# |
# |
|a True
|
| 911 |
# |
# |
|a Nguyễn Thanh Hương
|
| 925 |
# |
# |
|a G
|
| 926 |
# |
# |
|a A
|
| 927 |
# |
# |
|a LA
|
| 980 |
# |
# |
|a Thư viện Trường Đại học Đà Lạt
|